[Event "25. Off. Württembergische Seniorenmst."]
[Site "Freudenstadt"]
[Date "2013.07.06"]
[Round "4.13"]
[White "Strenzke, Guenter"]
[Black "Schmieder, Siegfried"]
[Result "1-0"]
[WhiteElo "1767"]
[BlackElo "1931"]
[PlyCount "77"]
[EventDate "2013.??.??"]
[WhiteTeam "SC Concordia SAbt Palame"]
[BlackTeam "SG Schwäbisch Gmünd 1872 e.V"]

1. d4 f5 2. c4 g6 3. Nc3 Nf6 4. g3 Bg7 5. Bg2 d6 6. Nh3 O-O 7. O-O c6 8. Qc2 e5
9. dxe5 dxe5 10. e4 Nh5 11. exf5 gxf5 12. Qe2 Qe8 13. Re1 Nd7 14. Bg5 Qg6 15.
Rad1 Nhf6 16. Rd6 Qf7 17. Red1 Ne8 18. R6d2 Nc5 19. Be3 Ne6 20. f4 e4 21. Na4
Nf6 22. Nc5 h6 23. Nf2 b6 24. Nxe6 Bxe6 25. b3 h5 26. Rd6 c5 27. Nh3 Bh6 28.
Ng5 Bxg5 29. fxg5 Ne8 30. R6d2 Rc8 31. Bf4 a5 32. a4 Nc7 33. Rd6 Na6 34. Rxb6
Nb4 35. Rdd6 Rfe8 36. Bd2 Nc2 37. Bc3 Nb4 38. Qe3 Qe7 39. g6 1-0

[Event "25. Off. Württembergische Seniorenmst."]
[Site "Freudenstadt"]
[Date "2013.07.06"]
[Round "4.14"]
[White "Kotlar, Alfred"]
[Black "Schmidt, Heinrich"]
[Result "1-0"]
[WhiteElo "1915"]
[BlackElo "1785"]
[PlyCount "85"]
[EventDate "2013.??.??"]
[WhiteTeam "SK Recklinghausen Altsta"]
[BlackTeam "SV Nagold"]

1. d4 Nf6 2. Nf3 g6 3. Bf4 Bg7 4. c3 O-O 5. Qc1 Re8 6. Bh6 Bh8 7. h4 Ng4 8. h5
Nxh6 9. Qxh6 Bg7 10. Qf4 Rf8 11. e4 d5 12. e5 Qd7 13. hxg6 fxg6 14. Qh4 h6 15.
Bd3 Qg4 16. Qxg4 Bxg4 17. Nbd2 Bf5 18. Be2 g5 19. Nh2 Nd7 20. Ng4 Kh7 21. Ne3
Be6 22. Nf3 Kg8 23. Nh2 c6 24. Nhg4 Kf7 25. Nxh6+ Ke8 26. Nhg4 Rh8 27. Kd2 Kf7
28. Bd3 Raf8 29. f3 Ke8 30. Ke2 Kd8 31. Nf2 Ke8 32. Rxh8 Rxh8 33. Rh1 Rxh1 34.
Nxh1 Kf7 35. Nf2 Nf8 36. g3 Ng6 37. b3 c5 38. Ng2 cxd4 39. cxd4 Nf8 40. Ne3 Ng6
41. Nfd1 Nf8 42. Nc3 Bh6 43. Ncxd5 1-0

[Event "25. Off. Württembergische Seniorenmst."]
[Site "Freudenstadt"]
[Date "2013.07.06"]
[Round "4.15"]
[White "Schuler, Georg"]
[Black "Just, Joachim"]
[Result "1/2-1/2"]
[WhiteElo "1709"]
[BlackElo "1903"]
[PlyCount "73"]
[EventDate "2013.??.??"]
[WhiteTeam "SV Balingen"]
[BlackTeam "SV Motor Zeitz"]

1. c4 g6 2. Nc3 Bg7 3. g3 Nf6 4. Bg2 O-O 5. e3 c6 6. d4 d5 7. cxd5 cxd5 8. Nge2
Nc6 9. O-O e6 10. a3 Na5 11. Nf4 b6 12. Nd3 Ba6 13. Re1 Bxd3 14. Qxd3 Rc8 15.
Bd2 Nc4 16. b3 Nxd2 17. Qxd2 Qd7 18. Bf1 Qb7 19. Bd3 Rfd8 20. Rec1 Bf8 21. Qe2
Qb8 22. Ba6 Rc7 23. Nb5 Rxc1+ 24. Rxc1 Ne8 25. Rc6 Nd6 26. a4 Nxb5 27. Qxb5 Bd6
28. Kg2 h5 29. f4 Kg7 30. Qd3 f5 31. Qc2 Kf6 32. h4 Ke7 33. Kf2 Kf6 34. Ke2 Ke7
35. Kd3 Qa8 36. Ke2 Qb8 37. Kd3 1/2-1/2

[Event "25. Off. Württembergische Seniorenmst."]
[Site "Freudenstadt"]
[Date "2013.07.06"]
[Round "4.16"]
[White "Abegg, Beat"]
[Black "Kaufmann, Helmut"]
[Result "1/2-1/2"]
[WhiteElo "1902"]
[BlackElo "1773"]
[PlyCount "50"]
[EventDate "2013.??.??"]
[BlackTeam "SK Eutingen"]

1. d4 g6 2. c4 Bg7 3. Nf3 d6 4. g3 Nh6 5. Bg2 O-O 6. O-O f6 7. Nc3 Nf7 8. e4 c6
9. Be3 Qc7 10. Qc2 Nd7 11. Rac1 e5 12. Rfd1 Bh6 13. Bxh6 Nxh6 14. Qd2 Kg7 15.
dxe5 dxe5 16. Qd6 Qxd6 17. Rxd6 Nf7 18. Rd2 Nc5 19. Rcd1 Bg4 20. h3 Bxf3 21.
Bxf3 Rad8 22. h4 Rxd2 23. Rxd2 Rd8 24. Rxd8 Nxd8 25. Bg4 Nce6 1/2-1/2

[Event "25. Off. Württembergische Seniorenmst."]
[Site "Freudenstadt"]
[Date "2013.07.06"]
[Round "4.17"]
[White "Blutharsch, Walter"]
[Black "Engbrecht, Helmut"]
[Result "0-1"]
[WhiteElo "1706"]
[BlackElo "1899"]
[PlyCount "78"]
[EventDate "2013.??.??"]
[WhiteTeam "VfL Sindelfingen"]
[BlackTeam "SV Schorndorf"]

1. e4 e5 2. Nf3 Nc6 3. Bc4 Bc5 4. c3 Nf6 5. d4 exd4 6. cxd4 Bb4+ 7. Bd2 Bxd2+
8. Nbxd2 d5 9. exd5 Nxd5 10. O-O O-O 11. Nb3 Bg4 12. Re1 a5 13. a3 Nb6 14. Be2
Qf6 15. h3 Bh5 16. g4 Bg6 17. Rc1 Rad8 18. Qd2 a4 19. Nc5 Nxd4 20. Nxd4 Rxd4
21. Qe3 Nd5 22. Qg3 Nf4 23. Nxb7 Rd2 24. Bf1 Bd3 25. Qe3 Rxb2 26. Nc5 Bxf1 27.
Kxf1 Nxh3 28. Ne4 Qh4 29. Kg2 Qxg4+ 30. Kh2 f5 31. Qxh3 Qxh3+ 32. Kxh3 fxe4 33.
Rxe4 Rb3+ 34. Kg2 Rxa3 35. Rxc7 Ra2 36. Ree7 Raxf2+ 37. Kg1 R2f7 38. Ra7 Rxe7
39. Rxe7 Ra8 0-1

[Event "25. Off. Württembergische Seniorenmst."]
[Site "Freudenstadt"]
[Date "2013.07.06"]
[Round "4.18"]
[White "Riegler, Markus"]
[Black "Lomer, Edmund"]
[Result "0-1"]
[WhiteElo "1641"]
[BlackElo "1879"]
[PlyCount "58"]
[EventDate "2013.??.??"]
[WhiteTeam "SK Mannheim-Lindenhof 1865"]
[BlackTeam "Eckernförder SC von 1921"]

1. c4 e5 2. Nc3 Nf6 3. g3 Nc6 4. Bg2 Bc5 5. Nf3 O-O 6. O-O Re8 7. d3 a6 8. a3
d6 9. b4 Ba7 10. Bg5 h6 11. Bxf6 Qxf6 12. Nd5 Qd8 13. e3 Bg4 14. h3 Bf5 15. Ne1
Qd7 16. Kh2 Nd8 17. a4 c6 18. Nc3 Bb6 19. Qb3 Ne6 20. g4 Bg6 21. Ne4 Kh8 22. c5
dxc5 23. bxc5 Bxc5 24. Nxc5 Nxc5 25. Qc4 Nxd3 26. Rd1 e4 27. f4 exf3 28. Rxf3
Qc7+ 29. Kh1 Nb2 0-1

[Event "25. Off. Württembergische Seniorenmst."]
[Site "Freudenstadt"]
[Date "2013.07.06"]
[Round "4.19"]
[White "Fassmann, Kurt"]
[Black "Kreie, Guenter"]
[Result "1-0"]
[WhiteElo "1867"]
[BlackElo "1751"]
[PlyCount "44"]
[EventDate "2013.??.??"]
[WhiteTeam "TuS Mehlmeisel"]
[BlackTeam "Turn- u. SpV Eichholz-Re"]

1. d4 Nf6 2. c4 e6 3. Nc3 Bb4 4. e3 Ne4 5. Bd2 Nxd2 6. Qxd2 d5 7. a3 Bxc3 8.
Qxc3 O-O 9. Nf3 Nd7 10. b4 a5 11. Be2 axb4 12. axb4 Qe7 13. O-O Nf6 14. c5 Bd7
15. Nd2 Ra4 16. Ra3 Rfa8 17. Rxa4 Rxa4 18. Ra1 Rxa1+ 19. Qxa1 h6 20. Bd3 g6 21.
Qa8+ Qe8 22. Qa1 Qb8 {nach weiteren unvollständigen Zügen} 1-0

[Event "25. Off. Württembergische Seniorenmst."]
[Site "Freudenstadt"]
[Date "2013.07.06"]
[Round "4.20"]
[White "Klein, Peter"]
[Black "Juergens, Peter"]
[Result "1/2-1/2"]
[WhiteElo "1559"]
[BlackElo "1867"]
[PlyCount "70"]
[EventDate "2013.??.??"]
[WhiteTeam "SK Horb"]
[BlackTeam "SC Tempo Göttingen"]

1. e4 e6 2. Nc3 d5 3. exd5 exd5 4. d4 Bb4 5. Bd2 c6 6. a3 Bd6 7. Bd3 Ne7 8. Nf3
O-O 9. O-O Bf5 10. Be3 Nd7 11. Re1 Re8 12. Bg5 Bxd3 13. Qxd3 f6 14. Bh4 Nf8 15.
Re2 Neg6 16. Rae1 Qd7 17. Bg3 Bxg3 18. hxg3 Rxe2 19. Qxe2 Kf7 20. Nd1 Re8 21.
Qxe8+ Qxe8 22. Rxe8 Kxe8 23. Ne3 Ne7 24. c3 Kd7 25. g4 Ne6 26. g3 Kd6 27. Nf5+
Nxf5 28. gxf5 Nd8 29. Kg2 b6 30. b4 Nf7 31. g4 Ke7 32. Kg3 Nd6 33. Nd2 Nb5 34.
Nb1 Nd6 35. Nd2 Nb5 1/2-1/2

[Event "25. Off. Württembergische Seniorenmst."]
[Site "Freudenstadt"]
[Date "2013.07.06"]
[Round "5.1"]
[White "Villing, Dieter"]
[Black "Frick, Christoph"]
[Result "1/2-1/2"]
[WhiteElo "1999"]
[BlackElo "2154"]
[PlyCount "95"]
[EventDate "2013.??.??"]
[WhiteTeam "SK 1962 Ladenburg"]
[BlackTeam "SV Tübingen 1870 e.V."]

1. d4 d5 2. Nc3 Nf6 3. Bg5 Bf5 4. f3 Nbd7 5. Nxd5 Nxd5 6. e4 h6 7. Bh4 c5 8.
exf5 Qb6 9. Bf2 Qxb2 10. Rb1 Qxa2 11. Ne2 Nb4 12. Nc3 Qxc2 13. Qxc2 Nxc2+ 14.
Kd2 Nxd4 15. Rxb7 e5 16. fxe6 Nxe6 17. Bb5 O-O-O 18. Rxa7 Nc7 19. Bg3 Nb8+ 20.
Kc2 Bd6 21. Re1 Bxg3 22. hxg3 Nxb5 23. Nxb5 Rd7 24. Re7 Rxe7 25. Rxe7 Rf8 26.
Nd6+ Kd8 27. Rxf7 Rxf7 28. Nxf7+ Ke7 29. Ne5 Ke6 30. f4 Kd5 31. Kc3 Na6 32. Ng6
Nc7 33. Ne7+ Ke6 34. Nc6 Kd5 35. Ne7+ Ke4 36. Kc4 Ne6 37. f5 Nd4 38. Kxc5 Nxf5
39. Ng6 Nxg3 40. Kd6 Kf5 41. Nh4+ Kg4 42. Nf3 Nf5+ 43. Ke6 Ne3 44. Ne5+ Kh5 45.
Kf7 g5 46. g3 g4 47. Kg7 Nf5+ 48. Kh7 1/2-1/2

[Event "25. Off. Württembergische Seniorenmst."]
[Site "Freudenstadt"]
[Date "2013.07.06"]
[Round "5.2"]
[White "Weisenburger, Horst"]
[Black "Lainburg, Viktor"]
[Result "1-0"]
[WhiteElo "2048"]
[BlackElo "1984"]
[PlyCount "55"]
[EventDate "2013.??.??"]
[WhiteTeam "SC Böblingen 1975 e.V."]
[BlackTeam "SC Weisse Dame Ulm e.V."]

1. f4 f5 2. Nf3 Nf6 3. g3 b6 4. Bg2 Bb7 5. O-O e6 6. Nc3 Bc5+ 7. Kh1 O-O 8. h3
Qc8 9. d3 Nd5 10. Na4 Be3 11. c4 Bxc1 12. cxd5 Be3 13. d4 exd5 14. Qb3 Qe8 15.
Nc3 Nc6 16. Nd1 Bxd4 17. Qxd5+ Qe6 18. Nxd4 Nxd4 19. Qxe6+ dxe6 20. Bxb7 Rab8
21. Bf3 Rbd8 22. Nc3 Nc2 23. Rad1 Ne3 24. Rxd8 Rxd8 25. Rc1 Rd2 26. b3 c5 27.
Kg1 Nc2 28. Nb1 1-0

[Event "25. Off. Württembergische Seniorenmst."]
[Site "Freudenstadt"]
[Date "2013.07.06"]
[Round "5.3"]
[White "Wetjen, Andreas"]
[Black "Woisetschlaeger, Adolf"]
[Result "1-0"]
[WhiteElo "1986"]
[BlackElo "1723"]
[PlyCount "77"]
[EventDate "2013.??.??"]
[WhiteTeam "SK Union Oldenburg"]
[BlackTeam "SC Schwarz-Weiss Zell"]

1. e4 e6 2. d3 d5 3. Nd2 Nd7 4. Ngf3 Bc5 5. g3 c6 6. Bg2 Ne7 7. O-O O-O 8. Re1
Ng6 9. h4 Qc7 10. h5 Qxg3 11. d4 Qg4 12. hxg6 Bb6 13. gxh7+ Kh8 14. c3 f5 15.
exd5 exd5 16. Nh2 Qg6 17. Ndf1 Nf6 18. Bf4 Nh5 19. Qf3 Bd8 20. Ne3 Bg5 21. Bxg5
Qxg5 22. Kh1 f4 23. Neg4 Bf5 24. Re5 Qg6 25. Rae1 Be4 26. Qh3 Bxg2+ 27. Qxg2 f3
28. Nxf3 Nf4 29. Nh4 Qxh7 30. Qh2 Kg8 31. Rg5 Rae8 32. Rxe8 Qb1+ 33. Qg1 Qxg1+
34. Kxg1 Rxe8 35. Nf6+ Kf7 36. Nxe8 Nh3+ 37. Kg2 Nxg5 38. Nd6+ Kf6 39. Nxb7 1-0

[Event "25. Off. Württembergische Seniorenmst."]
[Site "Freudenstadt"]
[Date "2013.07.06"]
[Round "5.4"]
[White "Weinwurm, Wolfgang"]
[Black "Macher, Claus"]
[Result "1-0"]
[WhiteElo "2113"]
[BlackElo "1834"]
[PlyCount "71"]
[EventDate "2013.??.??"]
[WhiteTeam "Ternitz"]
[BlackTeam "SF Ammerbuch"]

1. e4 c5 2. Nf3 e6 3. d4 cxd4 4. Nxd4 a6 5. Nc3 Qc7 6. f4 Bc5 7. Be3 b5 8. Qf3
Bb7 9. Bd3 d6 10. Qg3 g6 11. O-O Nd7 12. Rae1 O-O-O 13. f5 e5 14. Nb3 Bxe3+ 15.
Rxe3 Ngf6 16. a3 Nh5 17. Qf3 Nf4 18. g3 Nh3+ 19. Kg2 Ng5 20. Qg4 f6 21. fxg6 h5
22. Qf5 h4 23. Nd5 Bxd5 24. exd5 h3+ 25. Kh1 Kb8 26. a4 Qb6 27. Qf2 Rhg8 28.
axb5 axb5 29. Ra1 e4 30. Be2 Rc8 31. Ra5 Rc4 32. Bxc4 bxc4 33. Qe2 Nf3 34. Ra2
Kc7 35. Nd2 Qc5 36. Nxc4 1-0

[Event "25. Off. Württembergische Seniorenmst."]
[Site "Freudenstadt"]
[Date "2013.07.06"]
[Round "5.5"]
[White "Frank, Werner"]
[Black "Pape, Manfred"]
[Result "0-1"]
[WhiteElo "1831"]
[BlackElo "2087"]
[PlyCount "54"]
[EventDate "2013.??.??"]
[WhiteTeam "SG Schwäbisch Gmünd 1872 e.V"]
[BlackTeam "SK Bad Harzburg"]

1. d4 Nf6 2. Nf3 g6 3. c4 Bg7 4. g3 O-O 5. Bg2 d6 6. O-O Nc6 7. Nc3 a6 8. Qd3
Bg4 9. h3 Bd7 10. Be3 h6 11. d5 Nb8 12. Qd2 Kh7 13. Nd4 Qc8 14. Kh2 c5 15. dxc6
bxc6 16. f4 a5 17. Bg1 Na6 18. e4 Rb8 19. Rad1 Nc5 20. b3 a4 21. Nxa4 Nxa4 22.
bxa4 Qa6 23. e5 Ng8 24. Qc2 Rb4 25. e6 Qxc4 26. exd7 Bxd4 27. Bxd4 Qxc2 0-1

[Event "25. Off. Württembergische Seniorenmst."]
[Site "Freudenstadt"]
[Date "2013.07.06"]
[Round "5.6"]
[White "Szenetra, Werner"]
[Black "Fassmann, Kurt"]
[Result "1-0"]
[WhiteElo "2038"]
[BlackElo "1867"]
[PlyCount "107"]
[EventDate "2013.??.??"]
[WhiteTeam "SV Berenbostel"]
[BlackTeam "TuS Mehlmeisel"]

1. Nf3 d5 2. g3 Nf6 3. Bg2 c6 4. O-O Bf5 5. d3 h6 6. Nbd2 e6 7. Qe1 Be7 8. Ne5
Nbd7 9. Nxd7 Nxd7 10. e4 Bh7 11. f4 O-O 12. Kh1 dxe4 13. dxe4 Nf6 14. Qe2 Qc7
15. a3 Rad8 16. b4 Rd7 17. e5 Nd5 18. Ne4 b5 19. c4 bxc4 20. Qxc4 Nb6 21. Qe2
Rfd8 22. Be3 Nd5 23. Bg1 a5 24. Nc5 Bxc5 25. Bxc5 axb4 26. axb4 Nc3 27. Qc4 Nb5
28. Be4 Bxe4+ 29. Qxe4 Rd5 30. Kg2 Qd7 31. Ra6 Nc3 32. Qf3 Nb5 33. Rc1 Rc8 34.
Bf2 Qe7 35. Qe4 g5 36. Raxc6 Rxc6 37. Rxc6 gxf4 38. gxf4 Qd7 39. Rb6 Rd2 40.
Rb8+ Kg7 41. Qf3 Qd5 42. Qxd5 Rxd5 43. Kf3 Nc3 44. Kg4 Rd3 45. b5 Ne4 46. Bg3
Kg6 47. b6 Kg7 48. b7 Rb3 49. Bh4 Kh7 50. f5 Rb4 51. fxe6 fxe6 52. Kh5 Rb5 53.
Re8 Rxe5+ 54. Kg4 1-0

[Event "25. Off. Württembergische Seniorenmst."]
[Site "Freudenstadt"]
[Date "2013.07.06"]
[Round "5.7"]
[White "Lomer, Edmund"]
[Black "Storkebaum, Karl-Heinrich"]
[Result "1/2-1/2"]
[WhiteElo "1879"]
[BlackElo "1754"]
[PlyCount "99"]
[EventDate "2013.??.??"]
[WhiteTeam "Eckernförder SC von 1921"]
[BlackTeam "SAbt TEC Darmstadt"]

1. Nf3 Nf6 2. g3 d5 3. Bg2 e6 4. O-O c5 5. d4 Nc6 6. c4 Be7 7. cxd5 exd5 8.
dxc5 Bxc5 9. Bg5 Be6 10. Nc3 O-O 11. Rc1 Be7 12. Nd4 h6 13. Bf4 a6 14. Nxe6
fxe6 15. Bh3 e5 16. Bd2 Kh8 17. e3 d4 18. exd4 Qxd4 19. Be3 Qxd1 20. Rfxd1 Rad8
21. Na4 Rxd1+ 22. Rxd1 a5 23. Nc5 Rd8 24. Rxd8+ Nxd8 25. Kf1 Nd5 26. Ne4 Nxe3+
27. fxe3 Kg8 28. Ke2 Kf7 29. Kd3 Nc6 30. a3 b5 31. Bd7 Na7 32. Nc3 b4 33. axb4
Bxb4 34. Nd5 Bd6 35. Ke4 g6 36. g4 Bc5 37. b3 Bd6 38. h3 Bb8 39. Kd3 Bd6 40. h4
Be7 41. Nxe7 Kxe7 42. Ba4 g5 43. h5 Ke6 44. Ke4 Nc8 45. Kd3 Kd5 46. Bd7 Nd6 47.
Bf5 Kc5 48. Kc3 Kd5 49. Bg6 Ne4+ 50. Kc2 1/2-1/2

[Event "25. Off. Württembergische Seniorenmst."]
[Site "Freudenstadt"]
[Date "2013.07.06"]
[Round "5.8"]
[White "Stadler, Lothar"]
[Black "Cichy, Michael"]
[Result "0-1"]
[WhiteElo "1707"]
[BlackElo "1934"]
[PlyCount "70"]
[EventDate "2013.??.??"]
[WhiteTeam "SAbt SV Weiss-BL.Allianz"]
[BlackTeam "SC Braunschweig Gliesmarode v. 1"]

1. d4 Nf6 2. c4 e6 3. Nc3 Bb4 4. Qc2 O-O 5. Nf3 c5 6. a3 Bxc3+ 7. bxc3 d6 8. e4
e5 9. Bg5 h6 10. Bh4 cxd4 11. cxd4 Nc6 12. dxe5 dxe5 13. Be2 Qa5+ 14. Qd2 Nxe4
15. Qxa5 Nxa5 16. c5 f6 17. Rc1 Be6 18. Bd3 Bd5 19. O-O g5 20. Bxe4 Bxe4 21.
Nd2 Bd3 22. Rfd1 gxh4 23. Nf3 Be2 24. Rd7 Bxf3 25. gxf3 Rad8 26. c6 Rxd7 27.
cxd7 Rd8 28. Rc8 Nc6 29. Rc7 Kf7 30. Rxb7 Ke7 31. Rc7 Kd6 32. Rb7 Rxd7 33. Rb3
Nd4 34. Rd3 Ke6 35. f4 Ne2+ 0-1

[Event "25. Off. Württembergische Seniorenmst."]
[Site "Freudenstadt"]
[Date "2013.07.06"]
[Round "5.9"]
[White "Mertens, Gottfried"]
[Black "Kotlar, Alfred"]
[Result "1-0"]
[WhiteElo "1695"]
[BlackElo "1915"]
[PlyCount "84"]
[EventDate "2013.??.??"]
[WhiteTeam "SK Weinheim 1911 e.V."]
[BlackTeam "SK Recklinghausen Altsta"]

1. f4 b6 2. Nf3 c5 3. g3 Bb7 4. Bg2 d5 5. O-O Nd7 6. d3 Ngf6 7. a4 Qc7 8. Nc3
a6 9. e3 e6 10. Qe2 Be7 11. e4 dxe4 12. dxe4 O-O 13. e5 Nd5 14. Nxd5 Bxd5 15.
c4 Bb7 16. Bd2 a5 17. Bc3 Rad8 18. Rad1 Nb8 19. Rxd8 Rxd8 20. Rd1 Rxd1+ 21.
Qxd1 Be4 22. Qe2 Bf5 23. Qd1 h6 24. h3 Na6 25. Kh2 Nb4 26. Bxb4 axb4 27. b3 Qd8
28. Qxd8+ Bxd8 29. Nd2 Bh7 30. Be4 g6 31. Kg2 Kg7 32. Nf3 Bg8 33. Kf2 Kf8 34.
Ke3 Kg7 35. g4 Bh7 36. g5 h5 37. Bc6 Kf8 38. Nd2 Bg8 39. Ne4 Ke7 40. Nf6 Kf8
41. Ne4 Ke7 42. Kf3 Bh7 1-0

[Event "25. Off. Württembergische Seniorenmst."]
[Site "Freudenstadt"]
[Date "2013.07.06"]
[Round "5.10"]
[White "Hoeschele, Hans-Ulrich"]
[Black "Leutz, Hans"]
[Result "1-0"]
[WhiteElo "1915"]
[BlackElo "1795"]
[PlyCount "51"]
[EventDate "2013.??.??"]
[WhiteTeam "Stuttgarter SF 1879"]
[BlackTeam "SV Ebersbach"]

1. e4 c6 2. d4 d5 3. Nc3 dxe4 4. Nxe4 Nd7 5. Nf3 Ngf6 6. Ng3 e6 7. Bd3 c5 8. c3
cxd4 9. Nxd4 Bc5 10. Nb3 O-O 11. Qe2 Qc7 12. Bg5 Bd6 13. Ne4 Nxe4 14. Qxe4 g6
15. h4 Nc5 16. Nxc5 Qxc5 17. Be3 Qe5 18. h5 Qxe4 19. Bxe4 f5 20. O-O-O Bc7 21.
Bf3 Rd8 22. Rxd8+ Bxd8 23. hxg6 hxg6 24. Bd4 Kf8 25. Rh8+ Ke7 26. Rg8 1-0

[Event "25. Off. Württembergische Seniorenmst."]
[Site "Freudenstadt"]
[Date "2013.07.06"]
[Round "5.11"]
[White "Engbrecht, Helmut"]
[Black "Strenzke, Guenter"]
[Result "1/2-1/2"]
[WhiteElo "1899"]
[BlackElo "1767"]
[PlyCount "111"]
[EventDate "2013.??.??"]
[WhiteTeam "SV Schorndorf"]
[BlackTeam "SC Concordia SAbt Palame"]

1. e4 e6 2. Nc3 d5 3. Nf3 dxe4 4. Nxe4 Nd7 5. Be2 b6 6. O-O Bb7 7. d3 Be7 8.
Bf4 Ngf6 9. Nxf6+ Bxf6 10. Qc1 O-O 11. Bg5 Rc8 12. Qf4 Bxg5 13. Qxg5 Qxg5 14.
Nxg5 Rfd8 15. f4 Nf6 16. Bf3 Bd5 17. a4 h6 18. Nh3 a5 19. Kf2 c5 20. b3 Bxf3
21. Kxf3 Nd5 22. Nf2 Nb4 23. Rac1 Na2 24. Rce1 Nb4 25. Re2 Nc6 26. c3 Rd5 27.
g4 Rcd8 28. Re3 g5 29. Rfe1 Kg7 30. h4 gxf4 31. Kxf4 Kg6 32. Rg1 R8d6 33. h5+
Kg7 34. Reg3 f6 35. Re3 Kf7 36. Kf3 Rd8 37. Ke2 Rg8 38. Nh3 Re5 39. Re4 Rxe4+
40. dxe4 Ne5 41. Nf2 f5 42. exf5 exf5 43. Rf1 f4 44. Rd1 Ke7 45. b4 cxb4 46.
cxb4 Nxg4 47. bxa5 bxa5 48. Rd5 Nxf2 49. Kxf2 Rg5 50. Rd4 Rxh5 51. Rxf4 Kd6 52.
Ke3 Kd5 53. Kd3 Kc5 54. Kc3 Rg5 55. Rf3 h5 56. Rh3 1/2-1/2

[Event "25. Off. Württembergische Seniorenmst."]
[Site "Freudenstadt"]
[Date "2013.07.06"]
[Round "5.12"]
[White "Ahlberg, Guenter"]
[Black "Sukatsch, Manfred"]
[Result "1/2-1/2"]
[WhiteElo "1897"]
[BlackElo "1757"]
[PlyCount "122"]
[EventDate "2013.??.??"]
[WhiteTeam "SG Weißensee 49 e.V."]
[BlackTeam "TSV Schönaich"]

1. e4 c5 2. Nf3 Nc6 3. Bb5 d6 4. c3 a6 5. Ba4 b5 6. Bc2 g6 7. d4 cxd4 8. Nxd4
Nxd4 9. Qxd4 Nf6 10. O-O Bg7 11. Rd1 Qc7 12. a4 Bb7 13. axb5 axb5 14. Rxa8+
Bxa8 15. Na3 Bc6 16. f3 O-O 17. Qf2 Rb8 18. Bd3 Qa5 19. Nc2 Nd7 20. Nb4 Ba8 21.
Be3 Ne5 22. Bc2 Nc4 23. Bb3 Nxe3 24. Qxe3 Bf8 25. e5 dxe5 26. Qxe5 Rc8 27. Qe1
e6 28. Nc2 Qb6+ 29. Kf1 Bd6 30. Qh4 Re8 31. h3 Be7 32. Qd4 Qb8 33. Qe3 Bd6 34.
Qd4 Be5 35. Qe3 Bf6 36. Nd4 Qb6 37. Nc2 Qc7 38. Nd4 Qb8 39. Nc2 Rd8 40. Rxd8+
Qxd8 41. Nb4 Qb8 42. Nc2 Kg7 43. Nb4 h6 44. Nd3 Bg5 45. Qd4+ Bf6 46. Qe3 Qh2
47. Qg1 Qg3 48. Qf2 Qd6 49. Qe3 Bg5 50. Qe5+ Qxe5 51. Nxe5 Kf6 52. Nd3 Be3 53.
c4 bxc4 54. Bxc4 e5 55. Nb4 Bd4 56. b3 Bc3 57. Bd5 Bxb4 58. Bxa8 Kf5 59. g3 h5
60. h4 Kf6 61. g4 Ke6 1/2-1/2

[Event "25. Off. Württembergische Seniorenmst."]
[Site "Freudenstadt"]
[Date "2013.07.06"]
[Round "5.13"]
[White "Giesen, Dieter"]
[Black "Just, Gabriele"]
[Result "1/2-1/2"]
[WhiteElo "2195"]
[BlackElo "1791"]
[PlyCount "64"]
[EventDate "2013.??.??"]
[WhiteTeam "SK 1912 Ludwigshafen"]
[BlackTeam "SG Leipzig"]

1. e4 e6 2. d4 d5 3. e5 c5 4. c3 Bd7 5. Nf3 Qb6 6. a3 cxd4 7. cxd4 Bb5 8. Bxb5+
Qxb5 9. b4 Nc6 10. Nc3 Qb6 11. Qd3 Nge7 12. Na4 Qc7 13. Bb2 Nf5 14. g4 Nh6 15.
h3 a6 16. Rc1 Rc8 17. O-O Be7 18. Rc2 O-O 19. Rfc1 f6 20. Nc5 Bxc5 21. Rxc5 Qf7
22. Qc3 f5 23. g5 f4 24. Qd2 Qh5 25. gxh6 Qxf3 26. Kh2 Rf5 27. R5c3 Qh5 28.
hxg7 Rc7 29. Rg1 Rxg7 30. Rxg7+ Kxg7 31. Rc1 Qf3 32. Rc3 Qh5 1/2-1/2

[Event "25. Off. Württembergische Seniorenmst."]
[Site "Freudenstadt"]
[Date "2013.07.06"]
[Round "5.14"]
[White "Schmid, Hartmut"]
[Black "Gunnarsson, Leif"]
[Result "1-0"]
[WhiteElo "2049"]
[BlackElo "1785"]
[PlyCount "39"]
[EventDate "2013.??.??"]
[WhiteTeam "Stuttgarter SF 1879"]
[BlackTeam "Kristallens Schackklubb"]

1. c4 e5 2. Nc3 Nc6 3. e3 g6 4. d4 Bg7 5. d5 Nce7 6. d6 cxd6 7. Qxd6 Nf5 8. Qd2
a6 9. Nf3 Nge7 10. b3 O-O 11. Bb2 Nc6 12. g3 Re8 13. Ne4 Nfd4 14. Bg2 Qe7 15.
exd4 exd4 16. O-O d6 17. Nxd4 Bd7 18. Nxc6 Bxc6 19. Bxg7 Bxe4 20. Bc3 1-0

[Event "25. Off. Württembergische Seniorenmst."]
[Site "Freudenstadt"]
[Date "2013.07.06"]
[Round "5.15"]
[White "Schmid, Eugen"]
[Black "Schuler, Georg"]
[Result "1-0"]
[WhiteElo "1942"]
[BlackElo "1709"]
[PlyCount "54"]
[EventDate "2013.??.??"]
[WhiteTeam "SV Herrenberg e.V."]
[BlackTeam "SV Balingen"]

1. d4 Nf6 2. Nf3 b6 3. g3 Bb7 4. Bg2 d6 5. O-O Nbd7 6. c4 g6 7. Nc3 Bg7 8. Qc2
O-O 9. e4 e5 10. d5 a5 11. b3 Nc5 12. Bh3 Bc8 13. Bxc8 Qxc8 14. Kg2 Nh5 15. h3
f5 16. Rb1 fxe4 17. Ng5 Qf5 18. Ncxe4 h6 19. g4 Nf4+ 20. Kh2 Qd7 21. Nxc5 bxc5
22. Bxf4 Rxf4 23. Ne6 Rf6 24. Qe4 Qf7 25. f3 a4 26. b4 cxb4 27. Rxb4 c6 {
nach weiteren unvollständigen Zügen} 1-0

[Event "25. Off. Württembergische Seniorenmst."]
[Site "Freudenstadt"]
[Date "2013.07.06"]
[Round "5.16"]
[White "Juergens, Peter"]
[Black "Trefzer, Erhard"]
[Result "1/2-1/2"]
[WhiteElo "1867"]
[BlackElo "1941"]
[PlyCount "33"]
[EventDate "2013.??.??"]
[WhiteTeam "SC Tempo Göttingen"]
[BlackTeam "SV Besigheim"]

1. d4 e6 2. Nf3 f5 3. Bf4 Nf6 4. e3 b6 5. Bd3 Bb7 6. Nbd2 Be7 7. O-O O-O 8. Qe2
Ne4 9. h3 d5 10. Ne5 Nxd2 11. Qxd2 Nd7 12. Nxd7 Qxd7 13. Rae1 c5 14. c3 Rac8
15. a3 Bd6 16. Bxd6 Qxd6 17. f4 1/2-1/2

[Event "25. Off. Württembergische Seniorenmst."]
[Site "Freudenstadt"]
[Date "2013.07.06"]
[Round "5.17"]
[White "Prill, Gerhard"]
[Black "Kluger, Hans-Peter"]
[Result "1-0"]
[WhiteElo "1936"]
[BlackElo "1770"]
[PlyCount "119"]
[EventDate "2013.??.??"]
[WhiteTeam "SC Heitersheim"]
[BlackTeam "SF Fallersleben"]

1. e4 g6 2. d4 Bg7 3. Nf3 d6 4. c3 c6 5. Bd3 Nf6 6. O-O O-O 7. Re1 Bg4 8. Nbd2
Nbd7 9. h3 Bxf3 10. Nxf3 e5 11. dxe5 dxe5 12. Be3 Re8 13. Qb3 b6 14. Rad1 Qe7
15. Bc2 h6 16. Qc4 Rac8 17. b4 b5 18. Qe2 a6 19. a4 Nh5 20. Qd2 Red8 21. Bxh6
Nb6 22. Qe3 Nc4 23. Qg5 Bf6 24. Qg4 Kh7 25. Bg5 Kg7 26. Bb3 Nb2 27. Rxd8 Rxd8
28. axb5 axb5 29. Ra1 Rd3 30. Ra2 Na4 31. Bxa4 bxa4 32. Bd2 Qa7 33. Ne1 Rd8 34.
Be3 Qa6 35. g3 Be7 36. Kg2 Nf6 37. Qg5 Qb5 38. Nf3 Ng8 39. Qxe5+ Bf6 40. Qxb5
cxb5 41. e5 Be7 42. Nd4 Rd5 43. f4 f6 44. Nc6 Kf7 45. Bd4 Bf8 46. exf6 Nxf6 47.
Ne5+ Kg7 48. Ng4 Be7 49. Re2 Bd8 50. Kf3 Kf7 51. Ne5+ Kg7 52. g4 Rd6 53. g5 Nh5
54. Kg4 Kh7 55. Nf7 Rd7 56. Re8 Rxd4 57. cxd4 Bb6 58. d5 Kg7 59. Ne5 Be3 60. d6
1-0